Roblox YouTuber Quiz - Statistics

General Stats
  • This quiz has been taken 195 times
  • The average score is 5 of 15
Answer Stats
Question Answer % Correct
Which Roblox YouTuber was the first one to hit 100K? Thinknoodles
62%
Bonus Question: Spot the fake Roblox Hacker Jenna
58%
Which Roblox YouTuber is the Most Subscribed Bedwars YouTuber? TanqR
58%
Which YouTuber get donated 15,000 dollars? KreekCraft
46%
Who makes Roblox videos but make other gaming videos often? DanTDM
42%
Which Roblox YouTuber speaks a different language? Lyna
35%
KreekCraft is a Roblox YouTuber known for what? Piggy
35%
Who was the Top 3 Most Subscribed Roblox YouTubers during 2015? Thinknoodles, GamingWithJen, CookieSwirlC
35%
Who is the most subscribed Funky Friday YouTuber? Rektway
27%
Who is the Most Subscribed Pet Simulator X YouTuber? Gravycatman
23%
Who is the fastest growing Roblox YouTuber known for his skits in his other channel? KreekCraft
23%
The Final Question: When did Thinknoodles start YouTube? After ItsFunneh's Channel Released
15%
Who is the most subscribed Roblox YouTuber? CookieSwirlC
4%
Who is the most subscribed individual Roblox YouTuber? Denis
0%
What is the first Roblox Channel to ever exist? Servano
0%
No matching quizzes found
Score Distribution
Percent of People with Each Score
Percentile by Number Answered
Your Score History
You have not taken this quiz